Tour de France: Alle Sieger des grünen Trikots seit 2000 - Statistiken

Allgemein
  • Dieses Quiz wurde 44 mal gespielt
    15 seit der letzten Aktualisierung
  • Das Durchschnittsergebnis liegt bei 18 aus 26
Antwortstatistiken
Jahr Nationalität Name % Korrekt
2012 Slowakei Peter Sagan
100%
2013 Slowakei Peter Sagan
100%
2014 Slowakei Peter Sagan
100%
2015 Slowakei Peter Sagan
100%
2016 Slowakei Peter Sagan
100%
2018 Slowakei Peter Sagan
100%
2019 Slowakei Peter Sagan
100%
2000 Deutschland Erik Zabel
93%
2001 Deutschland Erik Zabel
93%
2011 Großbritannien Mark Cavendish
93%
2021 Großbritannien Mark Cavendish
93%
2022 Belgien Wout van Aert
93%
2024 Eritrea Biniam Girmay
79%
2023 Belgien Jasper Philipsen
79%
2025 Italien Jonathan Milan
71%
2020 Irland Sam Bennett
71%
2017 Australien Michael Matthews
50%
2002 Australien Robbie McEwen
43%
2004 Australien Robbie McEwen
43%
2006 Australien Robbie McEwen
43%
2005 Norwegen Thor Hushovd
43%
2009 Norwegen Thor Hushovd
43%
2008 Spanien Óscar Freire
36%
2007 Belgien Tom Boonen
36%
2010 Italien Alessandro Petacchi
21%
2003 Australien Baden Cooke
21%
Keine übereinstimmenden Quizze gefunden
Verteilung der Resultate
Anzahl Personen mit jedem Resultat
Perzentil nach korrekt beantworteten Fragen
Ihre Resultats-Entwicklung
Sie haben dieses Quiz seit der letzten Aktualisierung nicht gespielt